[Event "Cap d'Agde op"]
[Site "Cap d'Agde"]
[Date "2006.10.30"]
[Round "6"]
[White "Boissezon, Michel"]
[Black "Rogala, Boguslawa"]
[Result "0-1"]
[WhiteElo "1729"]
[BlackElo "1400"]
[PlyCount "62"]
[EventDate "2006.10.26"]
[EventType "swiss"]
[EventRounds "9"]
[EventCountry "FRA"]
[SourceTitle "EXT 2007"]
[Source "ChessBase"]
[SourceDate "2006.11.23"]
[SourceVersion "1"]
[SourceVersionDate "2006.11.23"]
[SourceQuality "1"]

1. d4 e6 2. Nf3 d5 3. c4 Nf6 4. Nc3 b6 5. cxd5 Nxd5 6. e4 Ne7 7. Be3 Bb7 8. Bd3 Ng6 9. 0-0 Be7 10. Rc1 0-0 11. Nd2 Nd7 12. f4 f5 13. Qc2 fxe4 14. Bxe4 Bxe4 15. Ncxe4 Rc8 16. Ng5 Bxg5 17. fxg5 Ne7 18. Qe4 Rxf1+ 19. Rxf1 Nf8 20. Nf3 Qd5 21. Qb1 Nf5 22. Re1 Ng6 23. Bf2 Re8 24. b3 Nd6 25. Qc2 Re7 26. h4 Nf8 27. Ne5 a5 28. Nc6 Nc8 29. Nxe7+ Nxe7 30. Qxc7 Neg6 31. Qxb6 Nf4 0-1